Ivey client project. / (Record no. 8229)

MARC details
000 -LEADER
fixed length control field 00906nam a22002297a 4500
003 - CONTROL NUMBER IDENTIFIER
control field OSt
005 - DATE AND TIME OF LATEST TRANSACTION
control field 20211208131850.0
008 - FIXED-LENGTH DATA ELEMENTS--GENERAL INFORMATION
fixed length control field 120530t xxu||||| |||| 00| 0 eng d
024 ## - OTHER STANDARD IDENTIFIER
Standard number or code 1453901091314
040 ## - CATALOGING SOURCE
Transcribing agency LC
050 ## - LIBRARY OF CONGRESS CALL NUMBER
Classification number HD69.P75.I95
245 ## - TITLE STATEMENT
Title Ivey client project. /
Statement of responsibility, etc. Joe Compeau ...[et al.]
246 ## - VARYING FORM OF TITLE
Title proper/short title BUS 4569 September 2013
260 ## - PUBLICATION, DISTRIBUTION, ETC.
Place of publication, distribution, etc. London, Ontario:
Name of publisher, distributor, etc. Ivey Business School,
Date of publication, distribution, etc. 2013.
300 ## - PHYSICAL DESCRIPTION
Extent [various pagings].:
Other physical details ill.;
490 ## - SERIES STATEMENT
Materials specified Business case studies
505 ## - FORMATTED CONTENTS NOTE
Formatted contents note Contents: Bei capelli (A) -- All problems are local: understanding the situation -- What’s the point? Agreeing on the objective -- Size matters: determining the scope -- Appendix B: interviewing to collect data -- techniques are not enough -- ICP primary research approval form --
653 ## - INDEX TERM--UNCONTROLLED
Uncontrolled term Project management
700 ## - ADDED ENTRY--PERSONAL NAME
Fuller form of name Compeau, Joe
710 ## - ADDED ENTRY--CORPORATE NAME
Subordinate unit Ivey Business School
942 ## - ADDED ENTRY ELEMENTS (KOHA)
Source of classification or shelving scheme Library of Congress Classification
Koha item type Books
Holdings
Withdrawn status Lost status Source of classification or shelving scheme Damaged status Not for loan Home library Current library Shelving location Date acquired Serial Enumeration / chronology Full call number Barcode Date last seen Price effective from Koha item type Public note
    Library of Congress Classification     WISCONSIN INTERNATIONAL UNIVERSITY COLLEGE, GHANA KUMASI LIBRARY WISCONSIN INTERNATIONAL UNIVERSITY COLLEGE, GHANA KUMASI LIBRARY General Stacks 08/11/2019 IVE/Com HD69.P75.I95 K/1692/1692/19 08/12/2021 08/12/2021 Books Part of Ivey Collection. Shelved alphabetically by title

If you have any concerns or questions; kindly contact the library


© Powered by WIUC ICT DIRECTORATE